Tom Cruise en 15 films - Statistiques

Statistiques générales
  • Ce quiz a été pris 688 fois
    680 depuis la dernière actualisation
  • Le résultat moyen est 7 sur 15
Statistiques - réponses
* Date Réponse % Correct
Saga * Mission impossible
98%
1986 Top Gun
91%
1988 cocktail
49%
2012 Jack Reacher
46%
2002 Minority Report
46%
1988 Rain Man
45%
2005 La Guerre des Mondes
41%
1999 eyes wide shut
39%
2017 La Momie
38%
2013 Edge of Tomorrow
37%
2013 Oblivion
34%
2003 Le Dernier Samouraï
29%
1989 Né un 4 juillet
23%
1992 Des hommes d'honneur
20%
1986 La Couleur de l'argent
20%
Aucun quiz correspondant
Distribution des résultats
% des personnes avec chaque résultat
Percentile par nombre de réponses
Votre historique - résultats
Vous n’avez pas pris ce quiz depuis la dernière actualisation